Statistics for Premier League Managers by trophies

Click here to take the quiz!

General Stats

  • This quiz has been taken 13 times
  • The average score is 5 of 19

Answer Stats

NManagerLeaguesDomestic CupsInternationalNational TeamIndividualTotal% Correct
1Pep Guardiola1x Tercera División, 3x La Liga, 3x Bundesliga, 5x Premier League2x Copa del Rey, 3x Supercopa de Espana, 2x DFB-Pokal, 2x FA Cup, 4x EFL Cup, 2x Community Shield3x UEFA Champions League, 3x UEFA Super Cup, 3x FIFA Club World Cup,02 Don Balón Award, 2x Miguel Munoz Tropy, 3x Onze d'Or COY, 2x WSM MOY, 2x IFFHS WBCC, 1x Alf Ramsey Award,1x European COS, 2x UEFA TOS, 4x La Liga COY, 1x FIFA WCOY, 1x GSA CCA, 1xGSA COC, 11x PL MOM, 4x PL MOS, 3x LMA MOY, 3x LMA PLMOY, League Managers Association (Hall of Fame)80
100%
2Jurgan Klopp2x Bundesliga, 1X Premier League1x DFB-Pokal, 1x DFL-Supercup, 1x FA Cup, 1x EFL Cup, 1x Community Shield1x UEFA Champions League, 1x UEFA Super Cup, 1x FIFA Club World Cup03x GFMOY, 2x Deutscher Fernsehpreis, 1x Onze d'Or COY, 2x The Best FIFA's Coach of the Year, 1x FFHS WBCC, 1x IFFHS MWT, 1x WSA WMOY, 1x GSA BCOY, 1x LMA Hall of Fame, 2x LMA MOY, 2x PLMOS, 9x PLMOM,1x BBC SPOYCA, Freedom of the City of Liverpool39
92%
4Unai Emery1x Ligue 12x Coupe de France, 2x Coupe de la Ligue, 2x Trophée des Champions3x UEFA Europa League2x Miguel Munoz Trophy, 2x La Liga MOM, 1x European Coach of the Season, 1x UNFP MOY, 1x Globe Soccer Awards Coach Career Award, 1x PLMOM18
50%
6Erik Ten Haag1x Regionalliga Bayern, 3x Eredivisie2x KNVB Cup, 1x Johan Cruyff Shield, 1x EFL Cup003x Rinus Michels Award, 2x PL MOM13
42%
10Mikel Arteta01x FA Cup, 1x Community Shield006x PLMOM8
42%
5David Moyes1X Football League Second Division1x Community Shield1x UEFA Conference League03x LMA MOY, 10x PL MOM16
33%
9Mauricio Pochettino1x Ligue 1,1x Coupe de France, 1x Trophée des Champions004x PLMOM. 1x LFAMOY8
33%
18Roberto de Zerbi01x Coppa Italia Lega Pro, 1x Ukrainian Super Cup0002
17%
13Sean Dyche00002x PLMOM, 4x FLCMOM6
17%
16Steve Cooper1x EFL Championship Play-Offs001x FIFA U17 World Cup3x EFL CMOM5
17%
15Vincent Kompany1x EFC Championship0003x EFLCMOM, 1x EFLCMOS5
17%
19Gary O'Neill000000
8%
17Julien Lopetegui001x UEFA Europa League1x UEFA European U19 Championship, 1x UEFA European U21 Championship03
8%
8Marco SIlva1x Segunda Liga, 1x Super League Greece, 1x EFL Championship1x Taca de Portugal001x SLCOY, 2x EFLCMOM, 1x EFLCMOY8
8%
3Ange Postecoglou1x NSL Premiership, 2x NSL Championship, 1x A-League Premiership, 2x A-League Championship,1x J1 League, 2x Scottish Premiership1x Scottish Cup, 2x Scottish League Cup1x Oceania Club Championship3x OFC U17 Champioship, 3x OFC U20 Championship, 1x AFF U19 Youth Championship, 1x AFC Asian Cup1x NSL COY, 1x Australian Sports Medal, 1x PFA MOY, 1x A-League COY, 1x PFA MOD, 1x AFC CO, 8x SFL MOM, 2x PFA SMOY, Football Australia Hall of Fame Inductee38
0%
7Eddie Howe1x Football League Championship0002x FLO MOM, 2x FLC MOM, The Football League Manager Of the Decade, 1x LMA MOY, 1x LMA CMOY, 5x PL MOM13
0%
14Paul Heckingbotton1x Football League One Play-offs,1x Football League Trophie003x EFL CMOM, 1x LO MOM6
0%
12Rob Edwards1x EFL League Two, 1x EFL Championship Play-Offs0003x EFLLT MOM, 1x ELF LLT MOS6
0%
11Thomas Frank1x EFL Championship Play-offs001x Syrenka Cup1x LFA MOY, 2x DBU COY, 2x EFLCMOM7
0%

Score Distribution

Percentile by Number Answered

Percent of People with Each Score

Your Score History

You have not taken this quiz